[Event "Berlin Lichtenberger op 13th"]
[Site "Berlin"]
[Date "2014.08.16"]
[Round "1"]
[White "Stiemerling, Karl Heinz"]
[Black "Bonke, Hans Juergen"]
[Result "0-1"]
[WhiteElo "1579"]
[BlackElo "1951"]
[PlyCount "52"]
[EventDate "2014.08.16"]
[EventType "swiss"]
[EventRounds "9"]
[EventCountry "GER"]
[SourceTitle "CBM 161 Extra"]
[Source "ChessBase"]
[SourceDate "2014.08.29"]
[SourceVersion "1"]
[SourceVersionDate "2014.08.29"]
[SourceQuality "1"]

1. d4 g6 2. Nc3 Bg7 3. Nf3 d6 4. e4 e6 5. Bb5+ Nd7 6. 0-0 Ne7 7. Be3 a6 8. Ba4 h6 9. b4 b5 10. Bb3 Bb7 11. Nd2 0-0 12. f3 Nc6 13. Ndb1 Nxb4 14. a3 Nc6 15. Qd2 Kh7 16. d5 exd5 17. Bxd5 Nf6 18. Ra2 Nxd5 19. Nxd5 Ne5 20. Bd4 f5 21. Nf4 Qe7 22. Nc3 fxe4 23. fxe4 c5 24. Be3 Nc4 25. Qd3 Nxe3 26. Qxe3 Bd4 0-1

[Event "Berlin Lichtenberger op 12th"]
[Site "Berlin"]
[Date "2013.08.17"]
[Round "1"]
[White "Baranowsky, Peter"]
[Black "Stiemerling, Karl Heinz"]
[Result "1-0"]
[WhiteElo "1967"]
[BlackElo "1609"]
[PlyCount "65"]
[EventDate "2013.08.17"]
[EventType "swiss"]
[EventRounds "9"]
[EventCountry "GER"]
[SourceTitle "CBM 156 Extra"]
[Source "ChessBase"]
[SourceDate "2013.10.22"]
[SourceVersion "1"]
[SourceVersionDate "2013.10.22"]
[SourceQuality "1"]

1. d4 d5 2. Nf3 c6 3. c4 Nf6 4. Nc3 h6 5. Qc2 Nbd7 6. cxd5 cxd5 7. Bf4 a6 8. e3 Nb6 9. Bd3 e6 10. 0-0 Bd6 11. Bxd6 Qxd6 12. Ne5 Bd7 13. a4 Rc8 14. Qb3 Rc7 15. a5 Nc8 16. Rac1 Ne7 17. Na4 Nc6 18. Qb6 0-0 19. Nc5 Bc8 20. Nxa6 bxa6 21. Rxc6 Rxc6 22. Qxc6 Qxc6 23. Nxc6 Bb7 24. Rc1 Re8 25. Nb4 g6 26. Nxa6 Ra8 27. Nc5 Bc6 28. a6 Rb8 29. a7 Rxb2 30. Na4 Rd2 31. Rxc6 Rxd3 32. a8Q+ Kg7 33. Rc1 1-0

[Event "Berlin Lichtenberger op 10th"]
[Site "Berlin"]
[Date "2011.08.14"]
[Round "3"]
[White "Poeltelt, Helmut"]
[Black "Stiemerling, Karl Heinz"]
[Result "1-0"]
[WhiteElo "1716"]
[BlackElo "1673"]
[PlyCount "137"]
[EventDate "2011.08.13"]
[EventType "swiss"]
[EventRounds "9"]
[EventCountry "GER"]
[SourceTitle "CBM 143 Extra"]
[Source "ChessBase"]
[SourceDate "2011.08.29"]
[SourceVersion "1"]
[SourceVersionDate "2011.08.29"]
[SourceQuality "1"]

1. e4 c5 2. Nc3 Nc6 3. g3 d6 4. Bg2 Bd7 5. Nge2 Nf6 6. d3 e5 7. Bg5 Be7 8. 0-0 0-0 9. Kh1 a6 10. a4 Nd4 11. Qd2 Ne6 12. Bxf6 Bxf6 13. Nd5 Bg5 14. f4 exf4 15. gxf4 Bh6 16. Qe1 Nc7 17. Nb6 Rb8 18. Nxd7 Qxd7 19. Ng3 g6 20. f5 Rbe8 21. Qf2 Re5 22. d4 cxd4 23. Qxd4 Bg7 24. Rad1 Rd8 25. Qb4 Ne8 26. b3 b5 27. axb5 axb5 28. Rf2 Bf8 29. Rfd2 Qc6 30. Qd4 Bg7 31. Qe3 f6 32. Qe2 Bh6 33. Rd5 Nc7 34. Rxe5 fxe5 35. fxg6 hxg6 36. Qg4 Kh7 37. Rf1 Rd7 38. Rf6 Rg7 39. Nf5 Qxc2 40. Nxg7 Qc1+ 41. Bf1 Bg5 42. Rf7 Kg8 43. Qf3 Bf4 44. Rd7 Qc6 45. Bh3 Qc1+ 46. Bf1 Qb2 47. Be2 Qc1+ 48. Kg2 Qc6 49. Rxc7 Qxc7 50. Ne6 Qc1 51. Nxf4 exf4 52. Bxb5 g5 53. Bc4+ Kg7 54. Bd5 Qd2+ 55. Kh3 Kf6 56. Bc4 Qe1 57. Qe2 Qh4+ 58. Kg2 g4 59. Qf2 Qh3+ 60. Kg1 Ke5 61. Bd5 Qc3 62. Qh4 Qc1+ 63. Kf2 Qe3+ 64. Kf1 Qf3+ 65. Qf2 Qd3+ 66. Qe2 Qb1+ 67. Kf2 f3 68. Qd2 Qh1 69. Qc3+ 1-0

[Event "Berlin Lichtenberger op 9th"]
[Site "Berlin"]
[Date "2010.08.10"]
[Round "4"]
[White "Kaufmann, Mathias"]
[Black "Stiemerling, Karl Heinz"]
[Result "1-0"]
[WhiteElo "1569"]
[BlackElo "1725"]
[PlyCount "105"]
[EventDate "2010.08.07"]
[EventType "swiss"]
[EventRounds "9"]
[EventCountry "GER"]
[SourceTitle "CBM 137 Extra"]
[Source "ChessBase"]
[SourceDate "2010.09.01"]
[SourceVersion "1"]
[SourceVersionDate "2010.09.01"]
[SourceQuality "1"]

1. c4 c5 2. d3 Nc6 3. Nf3 g6 4. Bd2 Bg7 5. Nc3 e6 6. g3 Nge7 7. Bg2 0-0 8. 0-0 d5 9. cxd5 exd5 10. e3 Bg4 11. Qa4 Qc8 12. Rab1 d4 13. Nb5 dxe3 14. fxe3 Rd8 15. Qc2 a6 16. Nc3 Nb4 17. Qb3 Nxd3 18. Ng5 c4 19. Qxb7 Qxb7 20. Bxb7 Rab8 21. Bxa6 Ne5 22. Bc1 f6 23. Nge4 Be6 24. Nxf6+ Kh8 25. Nfe4 Bf5 26. Ra1 Rb6 27. Bxc4 Nxc4 28. Ng5 Rf6 29. e4 Bh3 30. Rxf6 Rf8 31. Rxf8+ Bxf8 32. Nxh3 h6 33. Nf4 Bg7 34. Nfd5 Bd4+ 35. Kg2 Nc6 36. Bxh6 Nxb2 37. Rf1 Kh7 38. Be3 Be5 39. Rf7+ Kg8 40. Rb7 Nc4 41. Bh6 Nd6 42. Ne7+ Nxe7 43. Rxe7 Bxc3 44. Re6 Nf7 45. Re8+ Kh7 46. Re7 Kg8 47. a4 Nxh6 48. Ra7 Bd4 49. Ra8+ Kf7 50. a5 Ke6 51. a6 Ng4 52. a7 Ne3+ 53. Kf3 1-0

[Event "Berlin Lichtenberger op 9th"]
[Site "Berlin"]
[Date "2010.08.07"]
[Round "2"]
[White "Kapp, Frank"]
[Black "Stiemerling, Karl Heinz"]
[Result "1-0"]
[WhiteElo "1881"]
[BlackElo "1725"]
[PlyCount "111"]
[EventDate "2010.08.07"]
[EventType "swiss"]
[EventRounds "9"]
[EventCountry "GER"]
[SourceTitle "CBM 137 Extra"]
[Source "ChessBase"]
[SourceDate "2010.09.01"]
[SourceVersion "1"]
[SourceVersionDate "2010.09.01"]
[SourceQuality "1"]

1. d4 d5 2. c4 Nf6 3. Nc3 e6 4. e3 c6 5. Nf3 Nbd7 6. Bd3 Be7 7. 0-0 dxc4 8. Bxc4 Nb6 9. Bb3 0-0 10. Re1 c5 11. a3 cxd4 12. exd4 Nbd5 13. Bg5 h6 14. Bh4 Nxc3 15. bxc3 Nd5 16. Bxe7 Nxe7 17. c4 Nc6 18. Qd3 Qf6 19. Bc2 g6 20. Qe3 Kg7 21. Rad1 Ne7 22. Ne5 Nf5 23. Bxf5 exf5 24. d5 f4 25. Qd2 Re8 26. Nd3 Rxe1+ 27. Nxe1 Bd7 28. Qd4 b6 29. Qxf6+ Kxf6 30. Nd3 g5 31. Rc1 a5 32. Rb1 Ra6 33. c5 bxc5 34. Nxc5 Ra7 35. d6 Bf5 36. Rd1 Ra8 37. f3 Rd8 38. Nb7 Rd7 39. Nxa5 Ra7 40. Nc4 Be6 41. Nb6 Rxa3 42. d7 Bxd7 43. Nxd7+ Ke6 44. Nc5+ Ke5 45. Re1+ Kd4 46. Ne4 f5 47. Nd6 Ra5 48. Rd1+ Kc3 49. h3 Kc2 50. Rd2+ Kc3 51. Re2 h5 52. Kf2 g4 53. Nxf5 Rxf5 54. hxg4 hxg4 55. fxg4 Rf8 56. Kf3 1-0

[Event "Niedersachsen-ch Seniors op 13th"]
[Site "Bad Bevensen"]
[Date "2010.07.11"]
[Round "6"]
[White "Engelhardt, Erhard"]
[Black "Stiemerling, Karl Heinz"]
[Result "1-0"]
[WhiteElo "1612"]
[BlackElo "1442"]
[PlyCount "131"]
[EventDate "2010.07.06"]
[EventType "swiss"]
[EventRounds "9"]
[EventCountry "GER"]
[SourceTitle "EXT 2012"]
[Source "ChessBase"]
[SourceDate "2011.11.24"]
[SourceVersion "1"]
[SourceVersionDate "2011.11.24"]
[SourceQuality "1"]

1. Nc3 c5 2. e4 Nc6 3. Nf3 d6 4. Bb5 Bd7 5. 0-0 a6 6. Bxc6 Bxc6 7. Re1 e6 8. d3 Be7 9. Ne2 Bf6 10. Ng3 g6 11. c3 Bg7 12. Bg5 f6 13. Bd2 Ne7 14. Qc1 h5 15. h4 e5 16. Be3 Bb5 17. c4 Bd7 18. Nh2 Qb6 19. Rb1 a5 20. b3 Qc7 21. Rf1 Nc6 22. Ne2 f5 23. f4 exf4 24. Bxf4 Bd4+ 25. Kh1 0-0-0 26. Nf3 fxe4 27. dxe4 Bg4 28. Nexd4 Nxd4 29. Nxd4 cxd4 30. Qd2 Qc5 31. Bg5 Rde8 32. Bf6 Rhf8 33. Bxd4 Qc7 34. Rxf8 Rxf8 35. Rc1 Qd8 36. Bf2 b6 37. Bg3 Rf6 38. Re1 Re6 39. Qd5 Qf6 40. Qc6+ Kd8 41. Qxb6+ Ke8 42. Qxa5 Re5 43. Qa8+ Kf7 44. Kg1 Qe7 45. Qh8 Rxe4 46. Qh7+ Kf6 47. Qxe7+ Rxe7 48. Rxe7 Kxe7 49. Bf2 Be2 50. c5 d5 51. b4 Kd7 52. Bd4 Kc6 53. Kf2 Bg4 54. Ke3 Kb5 55. a3 Bf5 56. Be5 Be4 57. g3 Kc4 58. c6 Bf5 59. c7 Be6 60. Kd2 Bf5 61. Bd6 Kb5 62. Kc3 Kc6 63. Bf4 Kb7 64. Kd4 Kc6 65. a4 Be4 66. c8Q+ 1-0

[Event "Niedersachsen-ch Seniors op 13th"]
[Site "Bad Bevensen"]
[Date "2010.07.09"]
[Round "4"]
[White "Lange, Detlef"]
[Black "Stiemerling, Karl Heinz"]
[Result "1-0"]
[WhiteElo "1730"]
[BlackElo "1442"]
[PlyCount "91"]
[EventDate "2010.07.06"]
[EventType "swiss"]
[EventRounds "9"]
[EventCountry "GER"]
[SourceTitle "EXT 2012"]
[Source "ChessBase"]
[SourceDate "2011.11.24"]
[SourceVersion "1"]
[SourceVersionDate "2011.11.24"]
[SourceQuality "1"]

1. e4 c5 2. Nf3 Nc6 3. d4 cxd4 4. Nxd4 d6 5. Bc4 e6 6. 0-0 Be7 7. Nc3 a6 8. a4 Nf6 9. Bb3 Na5 10. Ba2 0-0 11. Be3 e5 12. Nde2 Be6 13. Nd5 Nxd5 14. exd5 Bg4 15. b4 Rc8 16. bxa5 Qxa5 17. Bb3 f5 18. f3 Bh5 19. Qd2 Qd8 20. a5 f4 21. Bb6 Qd7 22. c4 Bg6 23. Nc3 Bd8 24. Na4 Qf5 25. Bxd8 Rfxd8 26. Nb6 Rc5 27. Rac1 Qf7 28. Bc2 Bxc2 29. Rxc2 h5 30. Na4 Rc7 31. Rfc1 g6 32. c5 dxc5 33. Rxc5 Rcd7 34. Nb6 Rd6 35. Rc8 Qf5 36. Rxd8+ Rxd8 37. d6 Kg7 38. d7 Kh6 39. Qc2 e4 40. Qxe4 Qxa5 41. Qxf4+ Kg7 42. Qd4+ Kh7 43. Qe3 Qb4 44. Nd5 Qd6 45. Qg5 Rf8 46. Rc8 1-0

[Event "Berlin-ch Seniors op 26th"]
[Site "Berlin"]
[Date "2010.02.13"]
[Round "5"]
[White "Stiemerling, Karl Heinz"]
[Black "Jiranek, Benno"]
[Result "1-0"]
[WhiteElo "1432"]
[BlackElo "1183"]
[PlyCount "89"]
[EventDate "2010.02.09"]
[EventType "swiss"]
[EventRounds "9"]
[EventCountry "GER"]
[SourceTitle "EXT 2012"]
[Source "ChessBase"]
[SourceDate "2011.11.24"]
[SourceVersion "1"]
[SourceVersionDate "2011.11.24"]
[SourceQuality "1"]

1. d4 Nf6 2. c4 g6 3. Nf3 d5 4. e3 e6 5. Nc3 Bg7 6. b3 Ne4 7. Bb2 0-0 8. Bd3 Nxc3 9. Bxc3 Nd7 10. Rc1 c5 11. 0-0 b6 12. cxd5 exd5 13. Bb5 Qe7 14. Bc6 Rb8 15. Bxd5 Rd8 16. Re1 h6 17. Bc4 Ne5 18. Nxe5 Bxe5 19. Qf3 Bb7 20. Qh3 Bg7 21. g3 Qe4 22. Kf1 Qh1+ 23. Ke2 Qf3+ 24. Kd2 cxd4 25. exd4 Bxd4 26. Bxf7+ Kg7 27. Bxd4+ Rxd4+ 28. Kc2 Qxf2+ 29. Kb1 Rd2 30. b4 Rb2+ 31. Ka1 Qf6 32. Qe6 Rf2+ 33. Qxf6+ Kxf6 34. Bb3 Bc8 35. Rf1 Rxf1 36. Rxf1+ Kg5 37. Rf8 Be6 38. Rxb8 Bxb3 39. axb3 Kg4 40. Rf8 g5 41. Rf2 h5 42. b5 h4 43. gxh4 Kxh4 44. Rg2 g4 45. Rg3 1-0

[Event "Berlin-ch Seniors op 26th"]
[Site "Berlin"]
[Date "2010.02.09"]
[Round "1"]
[White "Koerner, Helmut"]
[Black "Stiemerling, Karl Heinz"]
[Result "1-0"]
[WhiteElo "1727"]
[BlackElo "1432"]
[PlyCount "101"]
[EventDate "2010.02.09"]
[EventType "swiss"]
[EventRounds "9"]
[EventCountry "GER"]
[SourceTitle "EXT 2012"]
[Source "ChessBase"]
[SourceDate "2011.11.24"]
[SourceVersion "1"]
[SourceVersionDate "2011.11.24"]
[SourceQuality "1"]

1. b4 d5 2. Bb2 Nf6 3. e3 c6 4. Nf3 Bg4 5. c4 Nbd7 6. h3 Bxf3 7. Qxf3 e6 8. a3 Be7 9. Nc3 dxc4 10. Bxc4 Ne5 11. Qe2 b5 12. Nxb5 cxb5 13. Bxb5+ Ned7 14. 0-0 0-0 15. Rfc1 Nd5 16. d4 N7b6 17. e4 Bg5 18. Rc2 Nf4 19. Qf3 a6 20. Bc6 Rc8 21. h4 Bh6 22. g3 Ng6 23. Rc5 Ne7 24. Bb7 Rxc5 25. bxc5 Na4 26. Qb3 Nxb2 27. Qxb2 a5 28. Rb1 Qc7 29. Qb6 Qd7 30. c6 Qd6 31. Qc5 Qc7 32. Qb6 Qd6 33. Qc5 Qxc5 34. dxc5 g5 35. Rd1 gxh4 36. gxh4 Bf4 37. Rd7 Re8 38. c7 Bxc7 39. Rxc7 f5 40. Rd7 fxe4 41. c6 Kf8 42. c7 h6 43. Rd8 Kf7 44. Bxe4 Rg8+ 45. Rxg8 Kxg8 46. Bb7 Kf7 47. c8Q Nxc8 48. Bxc8 e5 49. Kg2 Ke7 50. Kf3 Kd6 51. Ke4 1-0

[Event "Berlin Lichtenberger op 8th"]
[Site "Berlin"]
[Date "2009.08.18"]
[Round "4"]
[White "Oberbacher, Michael"]
[Black "Stiemerling, Karl Heinz"]
[Result "0-1"]
[WhiteElo "1301"]
[BlackElo "1766"]
[PlyCount "78"]
[EventDate "2009.08.15"]
[EventType "swiss"]
[EventRounds "9"]
[EventCountry "GER"]
[SourceTitle "CBM 131 Extra"]
[Source "ChessBase"]
[SourceDate "2009.09.03"]
[SourceVersion "2"]
[SourceVersionDate "2009.09.16"]
[SourceQuality "1"]

1. d4 d5 2. e4 dxe4 3. Nc3 Bf5 4. f3 exf3 5. Nxf3 Nf6 6. Bc4 e6 7. 0-0 c6 8. Kh1 Nbd7 9. Bg5 Be7 10. Qe1 h6 11. Bxf6 Bxf6 12. Qf2 b5 13. Be2 Bxc2 14. Ne5 0-0 15. Nxc6 Qb6 16. Bf3 Bf5 17. Qe2 a6 18. Rad1 Rac8 19. Ne5 Rc7 20. Rfe1 Bh4 21. g3 Be7 22. d5 Nxe5 23. Qxe5 Bd6 24. Qe2 e5 25. a3 Rc4 26. Qf1 Bxa3 27. bxa3 Rxc3 28. Rxe5 Bd7 29. d6 Bc6 30. Bg2 Rd8 31. Re7 Bxg2+ 32. Qxg2 Rxd6 33. Qa8+ Kh7 34. Qe4+ Rg6 35. Rxf7 Qc6 36. Qxc6 Rcxc6 37. Ra7 Rgd6 38. Re1 Rd2 39. Rae7 Rcc2 0-1

[Event "Bad Bevensen Seniors op 12th"]
[Site "Bad Bevensen"]
[Date "2009.07.13"]
[Round "7"]
[White "Stiemerling, Karl Heinz"]
[Black "Jasinski, Viktor"]
[Result "1-0"]
[WhiteElo "1428"]
[BlackElo "1557"]
[PlyCount "65"]
[EventDate "2009.07.07"]
[EventType "swiss"]
[EventRounds "9"]
[EventCountry "GER"]
[SourceTitle "EXT 2022"]
[Source "ChessBase"]
[SourceDate "2021.10.06"]
[SourceVersion "1"]
[SourceVersionDate "2021.10.06"]
[SourceQuality "1"]

1. d4 d5 2. Nf3 Nf6 3. c4 e6 4. Nc3 Nbd7 5. e3 c6 6. Bd2 Bd6 7. h3 0-0 8. Bd3 Re8 9. 0-0 e5 10. cxd5 cxd5 11. Bb5 e4 12. Nh2 a6 13. Ba4 Nb6 14. Bxe8 Qxe8 15. b3 Be6 16. Rc1 Qd7 17. f4 g6 18. Be1 Kg7 19. Bg3 Nh5 20. Bh4 Rc8 21. Ne2 Rg8 22. Qe1 Kf8 23. Ng3 Ng7 24. Bg5 Nc8 25. Bf6 Ne7 26. Be5 Bxe5 27. fxe5 Ngf5 28. Ng4 Rg7 29. Nf6 Qb5 30. Kh2 Nc6 31. Rc5 Qd3 32. Nxf5 Bxf5 33. Rxc6 1-0

[Event "Bad Bevensen Seniors op 12th"]
[Site "Bad Bevensen"]
[Date "2009.07.11"]
[Round "5"]
[White "Stiemerling, Karl Heinz"]
[Black "Lenk, Konrad"]
[Result "0-1"]
[WhiteElo "1428"]
[BlackElo "1762"]
[PlyCount "105"]
[EventDate "2009.07.07"]
[EventType "swiss"]
[EventRounds "9"]
[EventCountry "GER"]
[SourceTitle "EXT 2022"]
[Source "ChessBase"]
[SourceDate "2021.10.06"]
[SourceVersion "1"]
[SourceVersionDate "2021.10.06"]
[SourceQuality "1"]

1. d4 Nf6 2. c4 g6 3. Nc3 Bg7 4. Bg5 d6 5. Nf3 0-0 6. Qd2 c6 7. h3 Nbd7 8. e4 Qc7 9. Bd3 a6 10. 0-0 Re8 11. Rfe1 e5 12. Bh6 Nf8 13. Rac1 Kh8 14. d5 c5 15. a3 Ng8 16. Bxg7+ Kxg7 17. b4 b6 18. Bc2 Bd7 19. bxc5 bxc5 20. Rb1 Reb8 21. Na4 Ne7 22. Nb2 f6 23. Re3 h6 24. g4 g5 25. Qd1 Nfg6 26. Nd3 Rxb1 27. Qxb1 Rb8 28. Qd1 Kf7 29. Nd2 Qa5 30. Kh2 Nf4 31. Nxf4 exf4 32. Rd3 Ng6 33. Nf3 Ne5 34. Nxe5+ fxe5 35. Qc1 Ke7 36. Kg2 Kf6 37. f3 Ba4 38. Bxa4 Qxa4 39. Qc3 Rb1 40. Qd2 Ke7 41. Qa2 Rb6 42. Kf2 Kd7 43. Ke2 Kc7 44. Kd2 Rb8 45. Rc3 h5 46. gxh5 Qd7 47. Kd3 Qxh3 48. Qf2 Rb1 49. Kc2 Rh1 50. Kb3 Qxh5 51. Ka4 Qe8+ 52. Ka5 Qb8 53. Qc2 0-1